000 00894nam a2200253 a 4500
003 DO-SdBNP
005 20260204110143.0
007 ta
008 221019t1996 dr ao||fr|||| 00| 0 spa d
040 _aDO-SdBNP
_bspa
_cBNPHU
082 4 _222
_bC118m
245 1 3 _aEl mejoramiento barrial /
_cFran Cáceres Mendoza,
260 _aSanto Domingo :
_bCiudad Alternativa,
_c1996
300 _a16 p. ;
_bil., fotgraf.
_c20 cm.
490 _aMejoramiento Urbano ;
_v3
590 _aInventariado 2022 / MF
650 7 _aCiudades y pueblos
_zRepúlica Dominicana
_932619
_2LIBRUNAM
650 4 _aMejoramiento Urbano
_zRepúlica Dominicana
_944107
_2LIBRUNAM
650 0 _aEmbellecimiento urbano
_zRepúlica Dominicana
_940643
650 0 _aRehabilitación urbana
_94183
_zRepúlica Dominicana
830 _aCiudad Alternativa ;
_lspa
_n3
_pMejoramiento Urbano
_982550
910 _aMFeliz
942 _2ddc
_cLF2
999 _c52582
_d52582